[Event "Bohemia South-chT 0405"]
[Site "Czech Republic"]
[Date "2005.??.??"]
[Round "?"]
[White "Necas, Ales"]
[Black "Zabensky, Jaroslav"]
[Result "1-0"]
[WhiteElo "1875"]
[BlackElo "1965"]
[PlyCount "97"]
[EventDate "2004.10.??"]
[EventType "team"]
[EventRounds "11"]
[EventCountry "CZE"]
[SourceTitle "EXT 2007"]
[Source "ChessBase"]
[SourceDate "2006.11.23"]
[SourceVersion "1"]
[SourceVersionDate "2006.11.23"]
[SourceQuality "1"]

1. e4 c5 2. Nf3 Nc6 3. d4 cxd4 4. Nxd4 Nf6 5. Nc3 d6 6. Be2 a6 7. Be3 g6 8. Qd2 Bg7 9. 0-0-0 0-0 10. Nb3 b5 11. f3 Be6 12. Bh6 Na5 13. h4 Nc4 14. Bxc4 bxc4 15. Nd4 Qb6 16. h5 Bh8 17. Bxf8 Rxf8 18. hxg6 Bg7 19. Na4 Qb7 20. Nxe6 fxe6 21. gxh7+ Nxh7 22. c3 Rb8 23. Qc2 Ng5 24. Rh5 Nf7 25. f4 Qc6 26. Rdh1 e5 27. f5 Rb5 28. Qe2 Kf8 29. Rh7 Bf6 30. Kc2 Rb7 31. b3 cxb3+ 32. axb3 Ng5 33. R7h4 Nf7 34. Qc4 Qxc4 35. bxc4 Bxh4 36. Rxh4 Ng5 37. Rg4 Nh7 38. c5 Rc7 39. cxd6 exd6 40. Kd3 Kf7 41. Nb6 Nf6 42. Rg6 Rc6 43. Nc4 Nxe4 44. Nxe5+ dxe5 45. Rxc6 Ng3 46. f6 a5 47. Ra6 a4 48. Ke3 e4 49. Rxa4 1-0